000 00719nam a22002297a 4500
003 OSt
005 20141021100107.0
008 141008b xxu||||| |||| 00| 0 eng d
020 _a970-10-0435-3
040 _cBMC
082 _a658.15
082 _a658.1
100 1 _98674
_aGómez Ceja, Guillermo
245 1 0 _aPlaneación y organización de empresas
_cGuillermo Gómez Ceja ; revisor técnico , Guillermo de Jesús Camus Márquez
250 _a8ª ed
260 _aMéxico D.F. [etc.]
_bMcGraw-Hill
_c1995
300 _a432 p.
_c23 cm
650 2 4 _96422
_aPlanificación de empresas
650 2 4 _98517
_aOrganización de la empresa
700 1 _926976
_aCamus Márquez, Guillermo de Jesús
942 _2ddc
_cBK
999 _c14493
_d14493